Cálculo estructural : Ingeniería civil y arquitectura

Bibliographic Details
Main Author: Chiñas de la Torre, Miguel
Format: Section = Libro
Language:Undetermined
Spanish
Published: México Trillas 2007
Edition:2a.ed
Subjects:
LEADER 00671nam a2200253Ia 4500
008 240830s9999 xx 000 0 und d
020 |a 978-968-24-7984-7 
040 |a B-ESTELÍ- RUACS / 624.17 C539 
041 |a spa 
082 |a 624.17 C539 
100 1 |a Chiñas de la Torre, Miguel 
245 1 0 |a Cálculo estructural : Ingeniería civil y arquitectura 
250 |a 2a.ed 
260 |a México  |b Trillas  |c 2007 
300 |a 293 p:il 
650 7 |a ESTRUCTURAS TEORIAS 
650 7 |b  INGENIERÍA CIVIL 
650 7 |c  TABLAS 
650 7 |d  CALCULOS 
650 7 |e  ARQUITECTURA 
650 7 |f  DISEÑOS Y PLANOS 
942 |c BK  |2 ddc 
991 |a TEXTO 
999 |c 11261